00708nam a2200205Ia 4500003000900000008004100009040001600050080001800066100002900084245007600113260003200189300001400221650004100235650002600276650002200302650002200324942000700346999001500353952013400368IN-BaIIA211028s9999 xx 000 0 eng d cIIA Library a524.3-54bCLA aClayton, Donald D.95596 0aPrinciples of stellar evolution and nucleosynthesiscDonald D. Clayton  aNew YorkbMcGraw-Hillc1968 axi, 612p. aAstronomy and Astrophysics Thesaurus aNucleosynthesis95597 aStellar evolution aStellar structure cBK c3154d3154 00104070aBANbBANcGENd1969-01-17g162.00l3o524.3-54/ CLAp3507r2025-09-18s2025-09-18v162.00w1969-01-17yBKGRs. 162.00